00452 2200193 4500001002100000005001500021035002000036008004100056245003600097100001200133250000600145260003600151300001100187084001400198082000800212650001400220990001200234990001200246INLIS00000000000034520240503082108 a0010-0424000321240503 0 ind 1 aMuda dan Berprestasi /cKarmila aKarmila a1 aJakarta :bCempaka Putih,c2009 a68 hlm a300 KAR m a300 4aNon Fiksi a0728708 a0728709